La Casa de Caritat / Pere Gabriel (coordinació), Carles Enrech, Montserrat Pantaleón, Jaume Rosell, Joan Serrallonga ; Andreu Gabriel (recerca documental i gràfica) Pere Gabriel (coordinació), Carles Enrech, Montserrat Pantaleón, Jaume Rosell, Joan Serrallonga ; Andreu Gabriel (recerca documental i gràfica)
ISBN:
9788498037326
Descripción Física:
432 pàg. : il·lustracions i fotografies b/n i color ; plànols ; 21 x 21 cm
Otros Autores:
Enrech, Carles
,
Pantaleón, Montserrat
,
Rosell, Jaume
,
Serrallonga i Urquidi, Joan, 1953-
,
Gabriel, Andreu
Materias:
Casa de Caritat (Barcelona, Catalunya) -- Historia
; Història
; Asils -- Història -- Barcelona
; Edificis de serveis socials -- Catalunya
; Edificis històrics -- Barcelona
; Beneficència
; Orfenats -- Barcelona
; Barcelona (Catalunya)
; Catalunya
Idioma:
Catalán
MARC
| LEADER | 00000nam a2200000 a 4500 | ||
|---|---|---|---|
| 001 | 24154 ; 28955 | ||
| 003 | AGDB | ||
| 005 | 20260324181512.0 | ||
| 008 | 211022b2015 spa||||| |||| 00| 0 cat d | ||
| 017 | |a B 28827-2015 | ||
| 020 | |a 9788498037326 | ||
| 080 | |2 2004 |a 364-5 |x (460.23 Ba Barcelona) |x "1802/1956" | ||
| 080 | |2 2004 |a 725.55 |x (460.23 Ba Barcelona) | ||
| 080 | |2 2004 |a 721 |x (460.23 Ba Barcelona) | ||
| 100 | 1 | |a Gabriel, Pere, |d 1945- |9 32974 |e coordinació i textos | |
| 245 | 0 | 3 | |a La Casa de Caritat / |b Pere Gabriel (coordinació), Carles Enrech, Montserrat Pantaleón, Jaume Rosell, Joan Serrallonga ; Andreu Gabriel (recerca documental i gràfica) |
| 250 | |a Primera edició: |b desembre de 2015 | ||
| 260 | |a Barcelona : |b Diputació de Barcelona ; |c 2015 | ||
| 300 | |a 432 pàg. : |b il·lustracions i fotografies b/n i color ; plànols ; |c 21 x 21 cm | ||
| 504 | |a Referències bibliogràfiques. | ||
| 610 | 0 | |a Casa de Caritat (Barcelona, Catalunya) |x Historia |9 54320 | |
| 650 | 0 | |2 Arxiu |9 34449 |a Història | |
| 650 | 0 | |9 9480 |a Asils |x Història |z Barcelona | |
| 650 | 0 | |2 Arxiu |9 37116 |a Edificis de serveis socials |x Catalunya | |
| 650 | 0 | |2 Arxiu |9 23905 |a Edificis històrics |x Barcelona | |
| 650 | 0 | |a Beneficència |9 43515 | |
| 650 | 0 | |2 Arxiu |9 37281 |a Orfenats |x Barcelona | |
| 651 | 0 | |a Barcelona (Catalunya) |9 50687 | |
| 651 | 0 | |a Catalunya |9 51009 | |
| 700 | 1 | |a Enrech, Carles |9 72325 |e textos | |
| 700 | 1 | |a Pantaleón, Montserrat |9 72326 |e textos | |
| 700 | 1 | |a Rosell, Jaume |9 17924 |e textos | |
| 700 | |a Serrallonga i Urquidi, Joan, |d 1953- |9 35246 |e textos | ||
| 700 | 1 | |a Gabriel, Andreu |9 72328 |e recerca documental i gràfica | |
| 710 | 1 | |a Barcelona (Catalunya : Província). |b Diputació |9 52408 |e entitat editora | |
| 901 | |a Arxiu | ||
| 942 | |2 udc |n 1 |c MON | ||
| 952 | |0 0 |1 0 |4 0 |6 BIB282 |7 1 |9 60757 |a Arxiu |b Arxiu |d 2021-10-22 |o Bib-282 |p 24154 |r 2021-10-22 00:00:00 |w 2021-10-22 |y ARXIU | ||
| 952 | |0 0 |1 0 |2 udc |4 0 |6 BIB1344 |7 1 |9 98302 |a Arxiu |b Arxiu |d 2025-07-21 |l 0 |o Bib-1344 |p 28955 |r 2025-07-21 00:00:00 |w 2025-07-21 |y ARXIU |z Donació de la Subdirecció d'Edificació | ||
| 999 | |c 80888 |d 80888 | ||